000 00335nam a22001457a 4500
008 230125b ||||| |||| 00| 0 eng d
020 _a0140443339
041 _aeng
080 _2THIRD EDITION
_a7
082 _a7ARI
100 _a19
101 _aART
245 _aA JOURNAL OF HUMANITIES AND THE CLASSIC
_cARION
942 _2udc
_cBK
999 _c59279
_d59279